[Event "Monroe (MI Op/5/23)"]
[Site "?"]
[Date "1986.??.??"]
[Round "?"]
[White "Pokrzywa, J.."]
[Black "Turner, Darrell"]
[Result "1/2-1/2"]
[WhiteElo "1820"]
[BlackElo "1855"]
[PlyCount "78"]
[EventDate "1986.??.??"]

{5/(23)} 1. d4 Nf6 2. Nf3 g6 3. c4 c5 4. Nc3 Bg7 5. e3 O-O 6. Be2 d5 7. cxd5
Nxd5 8. O-O Nc6 9. Nxd5 Qxd5 10. dxc5 Qxc5 11. e4 e5 12. Be3 Qa5 13. a3 Rd8 14.
Qc2 Bg4 15. b4 Qc7 16. h3 Bxf3 17. Bxf3 Rd7 18. Rac1 Qd8 19. Bg4 Nd4 20. Qb2
Rd6 21. Rfd1 h5 22. Be2 Qd7 23. Bxd4 Rxd4 24. Rxd4 exd4 25. Bd3 Bh6 26. Rc4 Rd8
27. Qc2 Qe7 28. Qb2 Bg7 29. Qc1 Kh7 30. Qc2 Rd7 31. Rc8 a6 32. Qc5 Qe6 33. Qc2
Qe5 34. Rc5 Qe7 35. Qc4 Be5 36. Rd5 Rc7 37. Rc5 b5 38. Rxc7 Qxc7 39. Qxc7 Bxc7
1/2-1/2

[Event "Monroe (MI Op/7/23)"]
[Site "?"]
[Date "1986.??.??"]
[Round "?"]
[White "Pokrzywa, J.."]
[Black "Thomas, Henry"]
[Result "0-1"]
[WhiteElo "1820"]
[BlackElo "1705"]
[PlyCount "60"]
[EventDate "1986.??.??"]

{7/(23)} 1. c4 f5 2. Nc3 Nf6 3. Nf3 e6 4. g3 Be7 5. Bg2 O-O 6. d3 d6 7. b3 a6
8. Bb2 Qe8 9. Qd2 Nc6 10. a3 Nd8 11. b4 Rb8 12. e3 b6 13. Ne2 c5 14. h3 e5 15.
Nh2 Ne6 16. Nc3 Bb7 17. Bxb7 Rxb7 18. b5 a5 19. O-O-O Qf7 20. f4 Rd8 21. g4
exf4 22. gxf5 fxe3 23. Qg2 Rbd7 24. fxe6 Qxe6 25. Rhg1 Bf8 26. Ne4 Nxe4 27.
dxe4 Qxc4+ 28. Qc2 Qxb5 29. Rge1 g6 30. Rxe3 Bh6 0-1

[Event "Monroe (MI Op/3/23)"]
[Site "?"]
[Date "1986.??.??"]
[Round "?"]
[White "Pokrzywa, J.."]
[Black "Clark, K.."]
[Result "0-1"]
[WhiteElo "1820"]
[BlackElo "1930"]
[PlyCount "56"]
[EventDate "1986.??.??"]

{3/(23)} 1. c4 c5 2. Nc3 Nc6 3. g3 Nf6 4. Bg2 e5 5. d3 d6 6. Nf3 Be7 7. O-O O-O
8. b3 a6 9. a3 Rb8 10. Rb1 b5 11. cxb5 axb5 12. b4 cxb4 13. axb4 d5 14. Na2 h6
15. Bd2 Qb6 16. Rb2 Be6 17. Qb1 d4 18. Rc1 Nd5 19. Rbc2 Rfc8 20. Ne1 Ra8 21.
Bxd5 Bxd5 22. e4 Be6 23. f4 Qa6 24. Rxc6 Rxc6 25. Rxc6 Qxc6 26. Nc1 f6 27. Ne2
Ra2 28. Nf3 Qc2 0-1

[Event "Monroe (MI Op/1b/11)"]
[Site "?"]
[Date "1986.??.??"]
[Round "?"]
[White "Pokrzywa, J.."]
[Black "Baze, Lineas"]
[Result "1/2-1/2"]
[WhiteElo "1820"]
[BlackElo "2020"]
[PlyCount "60"]
[EventDate "1986.??.??"]

1. c4 Nf6 2. Nc3 g6 3. g3 Bg7 4. Bg2 O-O 5. d3 d6 6. Nf3 Nbd7 7. O-O e5 8. Bg5
h6 9. Bd2 Nh5 10. Qc1 Kh7 11. g4 Nhf6 12. g5 Ng8 13. gxh6 Bxh6 14. Ne4 Ndf6 15.
Nxf6+ Qxf6 16. Ng5+ Bxg5 17. Bxg5 Qg7 18. f4 f6 19. Bh4 c6 20. fxe5 dxe5 21. e4
Bg4 22. Qe3 Qd7 23. h3 Be6 24. b3 b6 25. Rf3 Rad8 26. Raf1 Kg7 27. Bf2 Qe7 28.
Qe2 Bc8 29. Rd1 c5 30. Rg3 Kh7 1/2-1/2

[Event "Warren (MCO/6/21)"]
[Site "?"]
[Date "1986.??.??"]
[Round "?"]
[White "Petty, M.."]
[Black "Stefanski, Mark"]
[Result "1-0"]
[WhiteElo "1730"]
[BlackElo "1920"]
[PlyCount "91"]
[EventDate "1986.??.??"]

{6/(21)} 1. e4 e6 2. d4 d5 3. e5 c5 4. c3 Nc6 5. Nf3 Qb6 6. a3 cxd4 7. cxd4
Nge7 8. Bd3 Bd7 9. Bc2 g6 10. O-O Bg7 11. Nc3 f6 12. Na4 Qc7 13. exf6 Bxf6 14.
Bh6 O-O-O 15. b4 Kb8 16. Rc1 Qd6 17. Qd2 e5 18. Rfe1 Ka8 19. Be3 e4 20. Bf4 Qe6
21. b5 Nb8 22. Bc7 Bxb5 23. Bxd8 Rxd8 24. Nc5 Qg8 25. Ng5 Bxg5 26. Qxg5 Nf5 27.
Ne6 Qxe6 28. Qxd8 Nxd4 29. Bxe4 Ne2+ 30. Rxe2 Bxe2 31. Bxd5 Qe5 32. a4 h5 33.
Qa5 Qd6 34. Qd2 Qa3 35. Bxb7+ Kxb7 36. Rb1+ Kc8 37. Qxe2 Qxa4 38. Qe6+ Nd7 39.
Qe8+ Kc7 40. Rc1+ Kd6 41. Qxg6+ Ke7 42. Re1+ Kd8 43. Qxh5 a5 44. Qe8+ Kc7 45.
Qe4 Qb5 46. h4 1-0

[Event "Warren (MCO/5/17)"]
[Site "?"]
[Date "1986.??.??"]
[Round "?"]
[White "Petty, M.."]
[Black "Haluska, James"]
[Result "0-1"]
[WhiteElo "1730"]
[BlackElo "2045"]
[PlyCount "112"]
[EventDate "1986.??.??"]

{5/(17)} 1. e4 e5 2. Bc4 Nf6 3. Nf3 Nc6 4. Ng5 d5 5. exd5 Na5 6. Bb5+ c6 7.
dxc6 bxc6 8. Be2 h6 9. Nf3 e4 10. Ne5 Bc5 11. c3 Bd6 12. Ng4 Nxg4 13. Bxg4 f5
14. Bh5+ Ke7 15. O-O Qc7 16. h3 Nc4 17. d3 Rd8 18. Qb3 Ne5 19. dxe4 fxe4 20.
Bf4 Be6 21. Qc2 Nf3+ 22. Bxf3 exf3 23. Bxd6+ Qxd6 24. g4 Kf7 25. Qe4 Bd5 26.
Qf5+ Kg8 27. Rd1 Rf8 28. Qd3 Qf6 29. Nd2 Qh4 30. Qf1 Rf4 31. c4 Be6 32. Nxf3
Rxf3 33. Qe2 Rf6 34. Rd6 Bxg4 35. Rd4 Bxe2 36. Rxh4 Rg6+ 37. Kh2 Rf8 38. f4 Rf5
39. b3 Bf3 40. Rg1 Rxg1 41. Kxg1 h5 42. Kf2 Bd1 43. Ke3 c5 44. Kd2 Bf3 45. Kc3
Kf7 46. a3 Ke6 47. b4 Kd6 48. b5 Kc7 49. Kd3 Kb6 50. Ke3 Bh1 51. Rg4 hxg4 52.
hxg4 Rf8 53. f5 g6 54. Kf4 gxf5 55. gxf5 Bg2 56. Ke5 Bf1 0-1

[Event "Warren (MCO/2/18)"]
[Site "?"]
[Date "1986.??.??"]
[Round "?"]
[White "Petty, M.."]
[Black "Bohley, D.."]
[Result "0-1"]
[WhiteElo "1730"]
[BlackElo "2030"]
[PlyCount "64"]
[EventDate "1986.??.??"]

{2/(18)} 1. e4 e5 2. Bc4 Nf6 3. Nf3 Nc6 4. Ng5 d5 5. exd5 Na5 6. Bb5+ Bd7 7.
Qe2 Bd6 8. d4 O-O 9. dxe5 Bxe5 10. O-O Bxb5 11. Qxb5 Qxd5 12. Qxd5 Nxd5 13. c3
Rad8 14. Ne4 Rfe8 15. Nbd2 Nf4 16. Nf3 Ne2+ 17. Kh1 Nxc1 18. Raxc1 Bxh2 19.
Nf6+ gxf6 20. Kxh2 Re2 21. Nd4 Rxb2 22. Rce1 c5 23. Nf5 Nc6 24. Re3 Ne5 25.
Rg3+ Ng6 26. f4 Re2 27. Rff3 Re4 28. Nh6+ Kg7 29. Ng4 Rxf4 30. Rxf4 Nxf4 31.
Ne3+ Kf8 32. Rf3 Rd3 0-1

[Event "Kalamazoo (WMUSO/4/12)"]
[Site "?"]
[Date "1986.??.??"]
[Round "?"]
[White "Peppel, S.."]
[Black "Hobbs, Raymond"]
[Result "0-1"]
[WhiteElo "1605"]
[BlackElo "1775"]
[PlyCount "70"]
[EventDate "1986.??.??"]

{4/(12)} 1. e4 c5 2. Nf3 Nc6 3. Be2 e6 4. c3 d5 5. exd5 exd5 6. d3 Nf6 7. Bg5
Be7 8. Bxf6 Bxf6 9. O-O O-O 10. Re1 Qb6 11. Qc2 Bf5 12. Nbd2 c4 13. b4 Nxb4 14.
Qb2 Nxd3 15. Qxb6 axb6 16. Bxd3 Bxd3 17. Rec1 Ra3 18. Nd4 Bxd4 19. cxd4 Rfa8
20. Nf3 Rxa2 21. Rxa2 Rxa2 22. Ne5 Bg6 23. h3 Rb2 24. Nxg6 fxg6 25. Kf1 b5 26.
g4 b4 27. f4 c3 28. Ke1 Rh2 29. Kd1 Rh1+ 30. Kc2 b3+ 31. Kxb3 Rxc1 32. Kb4 b5
33. Kb3 Kf7 34. h4 Ke6 35. Ka3 Rb1 0-1

[Event "Kalamazoo (WMUSO/2/14)"]
[Site "?"]
[Date "1986.??.??"]
[Round "?"]
[White "Peppel, S.."]
[Black "Brown, Ralph"]
[Result "0-1"]
[WhiteElo "1605"]
[BlackElo "1745"]
[PlyCount "66"]
[EventDate "1986.??.??"]

{2/(14)} 1. e4 e5 2. Nf3 d6 3. d4 exd4 4. Nxd4 Nf6 5. Bg5 Be7 6. Nc3 Nxe4 7.
Bxe7 Qxe7 8. Nxe4 Qxe4+ 9. Be2 Qxg2 10. Bf3 Qg5 11. Qd2 Qxd2+ 12. Kxd2 O-O 13.
Rae1 c6 14. h4 Nd7 15. Bg4 Ne5 16. Be2 c5 17. f4 cxd4 18. fxe5 dxe5 19. Bf3 Re8
20. Be4 Rb8 21. b3 f5 22. Bd5+ Kh8 23. h5 e4 24. h6 g6 25. b4 Be6 26. Bxe6 Rxe6
27. a3 Rc8 28. Rc1 Rc3 29. Ra1 f4 30. Ra2 f3 31. Rh2 e3+ 32. Ke1 d3 33. cxd3
Rc1# 0-1

[Event "Monroe (MI Op/5/21)"]
[Site "?"]
[Date "1986.??.??"]
[Round "?"]
[White "Owens, James"]
[Black "Riseman, J.."]
[Result "1-0"]
[WhiteElo "1940"]
[BlackElo "1825"]
[PlyCount "111"]
[EventDate "1986.??.??"]

{5/(21)} 1. e4 e6 2. d4 d5 3. Nc3 Bb4 4. a3 Bxc3+ 5. bxc3 dxe4 6. Qg4 Nf6 7.
Qxg7 Rg8 8. Qh6 Nbd7 9. f3 c5 10. fxe4 cxd4 11. cxd4 Nxe4 12. Nf3 Ndf6 13. g3
Bd7 14. Bd3 Qc7 15. c4 Rxg3 16. Qe3 Qa5+ 17. Kf1 Qh5 18. Be2 Qh3+ 19. Ke1 Bc6
20. Rg1 Rxg1+ 21. Qxg1 Nc3 22. Qg3 Qxg3+ 23. hxg3 O-O-O 24. Bg5 Nce4 25. Bh4
Rg8 26. Ne5 Be8 27. Bd3 Kc7 28. Rb1 b6 29. Rb2 Kd6 30. Kf1 Nxg3+ 31. Ke1 Nfe4
32. Rg2 f6 33. Bxe4 fxe5 34. Rxg3 Rf8 35. Rg7 Rf7 36. Rxf7 Bxf7 37. Bg3 Be8 38.
Bxe5+ Ke7 39. Bxh7 Ba4 40. Kd2 b5 41. Bc2 Bxc2 42. Kxc2 bxc4 43. Kc3 Kd7 44.
Kxc4 Kc6 45. Bf4 Kb6 46. Kd3 Kb5 47. Ke4 Kc4 48. Ke5 a5 49. Be3 Kd3 50. Kxe6
Kxe3 51. d5 Kd4 52. d6 Kc4 53. d7 Kb3 54. d8=Q a4 55. Qd6 Ka2 56. Qb4 1-0

[Event "Monroe (MI Op/1b/3)"]
[Site "?"]
[Date "1986.??.??"]
[Round "?"]
[White "Owens, James"]
[Black "Noren, Kevin"]
[Result "0-1"]
[WhiteElo "1940"]
[BlackElo "2175"]
[PlyCount "66"]
[EventDate "1986.??.??"]

1. e4 e6 2. d4 d5 3. Nc3 Bb4 4. a3 Bxc3+ 5. bxc3 Ne7 6. Qg4 O-O 7. Nf3 e5 8.
Qh4 exd4 9. cxd4 dxe4 10. Qxe4 Nbc6 11. Bb2 Bf5 12. Qe2 Re8 13. O-O-O Qd5 14.
Qc4 Na5 15. Qxd5 Nxd5 16. Nh4 Bg4 17. f3 Bd7 18. g3 Ne3 19. Re1 Nxf1 20. Rhxf1
Bh3 21. Rg1 g5 22. Rxe8+ Rxe8 23. Ng2 Re2 24. Ne1 Nc4 25. f4 Bf5 26. fxg5 Ne3
27. h4 Be4 28. Kb1 Rd2 29. Nd3 Rxc2 30. Re1 Re2 31. Kc1 Bxd3 32. Rxe2 Bxe2 33.
Kd2 Nc4+ 0-1

[Event "Monroe (MI Op/2/29)"]
[Site "?"]
[Date "1986.??.??"]
[Round "?"]
[White "Owens, James"]
[Black "Levadi, David"]
[Result "0-1"]
[WhiteElo "1940"]
[BlackElo "1790"]
[PlyCount "100"]
[EventDate "1986.??.??"]

{2/(29)} 1. e4 e5 2. Nf3 Nf6 3. Nxe5 d6 4. Nf3 Nxe4 5. d4 d5 6. Bd3 Nc6 7. O-O
Bg4 8. c3 Be7 9. Nbd2 f5 10. Qb3 Nxd2 11. Nxd2 O-O 12. Qxb7 Rf6 13. Qb3 Qd6 14.
Re1 g5 15. Nf1 f4 16. Qc2 Kg7 17. h3 Bd7 18. Nh2 h5 19. Nf3 g4 20. Ne5 gxh3 21.
gxh3 Rg8 22. Kh1 Qe6 23. Bf1 Rf5 24. Nf3 Qf6 25. Bd3 Kf8 26. Bd2 Qf7 27. Bxf5
Bxf5 28. Qc1 Be4 29. Qd1 Qg6 30. Rg1 Qxg1+ 31. Qxg1 Bxf3+ 32. Kh2 Rxg1 33. Rxg1
Bd6 34. Rg5 Ne7 35. b3 Kf7 36. c4 Kf6 37. Rg1 c6 38. Re1 Be4 39. Ba5 f3+ 40.
Kg1 Nf5 41. cxd5 cxd5 42. Bc3 Ng7 43. Rc1 Bf4 44. Rd1 Bc2 45. Re1 Bf5 46. Bb4
Ne6 47. Rd1 Bxh3 48. Bd2 Bc7 49. Rc1 h4 50. Rc6 Bg2 0-1

[Event "Warren (MCO/1/26)"]
[Site "?"]
[Date "1986.??.??"]
[Round "?"]
[White "Nowicki, B.."]
[Black "Johnson, Ri"]
[Result "0-1"]
[WhiteElo "1605"]
[BlackElo "1990"]
[PlyCount "76"]
[EventDate "1986.??.??"]

{1/(26)} 1. e4 c5 2. Nc3 Nc6 3. Nf3 g6 4. d3 Bg7 5. Bd2 d6 6. Be2 e6 7. Rb1
Nge7 8. O-O Rb8 9. Qc1 h6 10. Nd1 d5 11. exd5 exd5 12. c3 Be6 13. Bf4 Rc8 14.
b3 Qa5 15. Qc2 O-O 16. Bd2 Rfe8 17. a4 Nf5 18. Ne3 Qd8 19. Qd1 d4 20. Nxf5 Bxf5
21. c4 Qf6 22. Bc1 g5 23. h3 Nb4 24. Ne1 Rc7 25. f3 Rce7 26. Rb2 Qg6 27. g4 Bd7
28. Kg2 Bc6 29. Kg1 Qd6 30. f4 Re3 31. Bxe3 dxe3 32. Rb1 Bd4 33. Ng2 gxf4 34.
Nxf4 Be5 35. Ng2 Bh2+ 36. Kh1 Qg3 37. Rf3 Bxf3 38. Bxf3 Qxh3 $138 0-1

[Event "Warren (MCO/4/36)"]
[Site "?"]
[Date "1986.??.??"]
[Round "?"]
[White "Nowicki, B.."]
[Black "Haakonstad, Olaf"]
[Result "0-1"]
[WhiteElo "1605"]
[BlackElo "1820"]
[PlyCount "72"]
[EventDate "1986.??.??"]

{4/(36)} 1. e4 e5 2. Nf3 Nc6 3. Nc3 Nf6 4. d3 d6 5. h3 Be7 6. Be3 O-O 7. a3 Re8
8. g4 d5 9. Bd2 dxe4 10. dxe4 b6 11. Bd3 Bb7 12. Be3 Qc8 13. Nd2 Nd4 14. g5 Nd7
15. h4 Nc5 16. Bxd4 exd4 17. Ne2 Qd7 18. Ng3 g6 19. Qf3 Bd6 20. O-O-O Ne6 21.
Qg4 b5 22. h5 c5 23. hxg6 fxg6 24. Rh6 c4 25. Be2 Re7 26. Nf3 d3 27. cxd3 cxd3
28. Rxd3 Bf4+ 29. Kb1 Qc7 30. Rh1 a5 31. Rhd1 b4 32. a4 Rc8 33. e5 Qc2+ 34. Ka1
Qxa4+ 35. Kb1 b3 36. Nd2 Qa2# 0-1

[Event "Warren (MCO/3/55)"]
[Site "?"]
[Date "1986.??.??"]
[Round "?"]
[White "Nowicki, B.."]
[Black "Calton, Bill"]
[Result "1-0"]
[WhiteElo "1605"]
[BlackElo "1605"]
[PlyCount "89"]
[EventDate "1986.??.??"]

{3/(55)} 1. e4 e5 2. Nf3 Nc6 3. Nc3 Bc5 4. Bc4 Nf6 5. d3 h6 6. a3 d6 7. h3 O-O
8. Bd2 Bd7 9. a4 a6 10. Nd5 Nd4 11. Nxd4 Bxd4 12. c3 Ba7 13. Qf3 Nxd5 14. Bxd5
Bc6 15. Bxc6 bxc6 16. Qg3 Rb8 17. Bxh6 Qf6 18. Bc1 Qg6 19. b4 Qxg3 20. fxg3 Bb6
21. Ke2 f5 22. Be3 fxe4 23. dxe4 Rf6 24. Rhf1 Rg6 25. Bxb6 cxb6 26. Rf3 d5 27.
Ke3 Rd8 28. Rd1 Kh7 29. g4 dxe4 30. Rxd8 exf3 31. gxf3 c5 32. h4 cxb4 33. cxb4
a5 34. bxa5 bxa5 35. Rd5 Ra6 36. Rxe5 Kh6 37. Ke4 g6 38. f4 Kg7 39. h5 Kf7 40.
f5 gxf5+ 41. Kxf5 Kg7 42. g5 Kh7 43. Re7+ Kg8 44. g6 Kf8 45. Re6 1-0

[Event "Monroe (MI Op/7/3)"]
[Site "?"]
[Date "1986.??.??"]
[Round "?"]
[White "Noren, Kevin"]
[Black "Wygrecki, J.."]
[Result "1/2-1/2"]
[WhiteElo "2175"]
[BlackElo "2245"]
[PlyCount "113"]
[EventDate "1986.??.??"]

{7/(3)} 1. d4 Nf6 2. Nf3 g6 3. c4 Bg7 4. Nc3 O-O 5. e4 d6 6. h3 c5 7. d5 e6 8.
Bd3 a6 9. a4 e5 10. Be3 Nbd7 11. g4 h5 12. Nd2 Rb8 13. Be2 h4 14. Bg5 Qb6 15.
Qc2 Nh7 16. Bxh4 Bh6 17. Bg3 Ndf6 18. Nf1 Qb4 19. f3 Bd7 20. Kf2 Ne8 21. Kg1
Nc7 22. Be1 Qb6 23. h4 Bf4 24. Bd3 f6 25. Bd2 g5 26. Ne3 Bxe3+ 27. Bxe3 Rf7 28.
Rf1 Na8 29. Rf2 Qd8 30. Rfh2 Qf8 31. Rh3 Nc7 32. Qh2 gxh4 33. Rxh4 Qe7 34. Rh6
Rg7 35. Kf1 b5 36. axb5 axb5 37. b3 bxc4 38. Bxc4 Nb5 39. Nxb5 Bxb5 40. Qc2 Qa7
41. Kg2 Qa6 42. Kg3 Bxc4 43. bxc4 Rb4 44. Qh2 Qb7 45. Qh5 Qf7 46. Qf5 Qd7 47.
Qxd7 Rxd7 48. Rg6+ Rg7 49. Rxg7+ Kxg7 50. Ra1 Rb6 51. Ra7+ Kg6 52. f4 exf4+ 53.
Bxf4 Ng5 54. Bxg5 Kxg5 55. Rg7+ Kh6 56. Rd7 Kg5 57. Rg7+ 1/2-1/2

[Event "Monroe (MI Op/2/5)"]
[Site "?"]
[Date "1986.??.??"]
[Round "?"]
[White "Noren, Kevin"]
[Black "Jarosz, Stan"]
[Result "1/2-1/2"]
[WhiteElo "2175"]
[BlackElo "2015"]
[PlyCount "104"]
[EventDate "1986.??.??"]

{2/(5)} 1. d4 d5 2. c4 e6 3. Nc3 Be7 4. Nf3 Nf6 5. Bg5 h6 6. Bxf6 Bxf6 7. e3
O-O 8. Qd2 c6 9. Bd3 Nd7 10. cxd5 exd5 11. O-O Re8 12. h3 Nf8 13. b4 a6 14. a4
Ne6 15. Rae1 Ng5 16. Nxg5 hxg5 17. f3 g6 18. Bb1 Kg7 19. Ba2 Rh8 20. Rd1 Qd6
21. e4 Qxb4 22. exd5 c5 23. Ne2 Qxd2 24. Rxd2 cxd4 25. Nxd4 Rh4 26. Rfd1 Bd7
27. Bb3 Rc8 28. Rd3 Bxa4 29. Bxa4 Rc4 30. Bb3 Rcxd4 31. Rxd4 Rxd4 32. Rxd4
Bxd4+ 33. Kf1 Bc5 34. Ke2 Kf6 35. Kd3 Ke7 36. d6+ Bxd6 37. Bd5 b5 38. Bb7 a5
39. Bc6 b4 40. Ba4 Be5 41. Kc4 f6 42. Kb5 Bc7 43. Kc6 Bd8 44. Bb3 f5 45. g4
fxg4 46. hxg4 a4 47. Bxa4 Ke6 48. Kc5 Be7+ 49. Kd4 Bf6+ 50. Ke4 Kd6 51. Bb3 Kc5
52. Kd3 Be5 1/2-1/2

[Event "Monroe (MI Op/4/8)"]
[Site "?"]
[Date "1986.??.??"]
[Round "?"]
[White "Noren, Kevin"]
[Black "Bohley, D.."]
[Result "1-0"]
[WhiteElo "2175"]
[BlackElo "2030"]
[PlyCount "111"]
[EventDate "1986.??.??"]

{4/(8)} 1. d4 d5 2. c4 e6 3. Nc3 c5 4. e3 Nf6 5. Nf3 Nc6 6. cxd5 exd5 7. Be2
Be7 8. O-O O-O 9. dxc5 Bxc5 10. b3 Be6 11. Bb2 Qe7 12. Rc1 a6 13. Na4 Ba3 14.
Bxa3 Qxa3 15. Nc5 Na5 16. Nd4 Rfc8 17. Ncxe6 fxe6 18. Nxe6 Rxc1 19. Qxc1 Qxa2
20. Bf3 Nc6 21. Qc3 Qa5 22. Rc1 Qxc3 23. Rxc3 Re8 24. Nc7 Rd8 25. Ne6 Re8 26.
Nc5 Re7 27. Kf1 Ne5 28. Be2 Rc7 29. Na4 Rxc3 30. Nxc3 Kf7 31. Na4 Ned7 32. f3
b5 33. Nc3 Ke6 34. b4 Nb8 35. g4 h6 36. h4 Nc6 37. Na2 g5 38. hxg5 hxg5 39. f4
Ne4 40. Bd3 Kf6 41. Bxe4 dxe4 42. Ke2 Kg6 43. Kd2 a5 44. bxa5 Nxa5 45. Kc3 Nc6
46. Nc1 Kf6 47. Ne2 Kg6 48. Ng3 gxf4 49. exf4 b4+ 50. Kc4 e3 51. Ne2 Kf6 52.
Kd3 Ne7 53. Kxe3 Nd5+ 54. Ke4 Ke6 55. Nd4+ Kd6 56. g5 1-0

[Event "Warren (MCO/6/44)"]
[Site "?"]
[Date "1986.??.??"]
[Round "?"]
[White "Nixon, Peter"]
[Black "McGee, T.."]
[Result "1/2-1/2"]
[WhiteElo "1605"]
[BlackElo "1605"]
[PlyCount "94"]
[EventDate "1986.??.??"]

{6/(44)} 1. d4 c5 2. d5 Nf6 3. c4 b5 4. cxb5 Qa5+ 5. Nc3 Ne4 6. Qc2 Nxc3 7.
Qxc3 Qxb5 8. e4 Qb6 9. Be3 d6 10. b4 Qxb4 11. Qxb4 cxb4 12. Rb1 a5 13. Nf3 Ba6
14. Bxa6 Nxa6 15. O-O Nc5 16. Bxc5 dxc5 17. Rfc1 e6 18. dxe6 fxe6 19. Ne5 Be7
20. h3 Bd6 21. Nc4 Bf4 22. Rd1 Bc7 23. Rb2 Rd8 24. Rbd2 Rxd2 25. Rxd2 Ke7 26.
Kf1 Rd8 27. Rxd8 Bxd8 28. Ke2 Kd7 29. Kd3 Kc6 30. a4 bxa3 31. Nxa3 Bf6 32. Kc4
a4 33. f4 Bb2 34. Nc2 Kb6 35. f5 exf5 36. exf5 Ka5 37. g4 a3 38. Kb3 c4+ 39.
Ka2 Ka4 40. h4 h6 41. g5 hxg5 42. hxg5 Bc1 43. f6 gxf6 44. gxf6 Bg5 45. Nxa3 c3
46. f7 Be7 47. Nc2 Bf8 1/2-1/2

[Event "Warren (MCO/1/18)"]
[Site "?"]
[Date "1986.??.??"]
[Round "?"]
[White "Nixon, Peter"]
[Black "Levine, H.."]
[Result "0-1"]
[WhiteElo "1605"]
[BlackElo "2065"]
[PlyCount "104"]
[EventDate "1986.??.??"]

{1/(18)} 1. d4 Nf6 2. c4 g6 3. Nf3 Bg7 4. Nc3 d5 5. cxd5 Nxd5 6. e4 Nxc3 7.
bxc3 O-O 8. Bf4 Nd7 9. Qd2 c5 10. Bh6 Qa5 11. Bxg7 Kxg7 12. Bc4 cxd4 13. cxd4
Qxd2+ 14. Nxd2 Nb6 15. Bb3 Rd8 16. Nf3 e6 17. O-O Bd7 18. Rac1 Bc6 19. Rfe1
Rac8 20. Bc2 Bb5 21. h3 Rc3 22. Rb1 Bc4 23. Bb3 Bd3 24. Re3 Bxb1 25. Rxc3 Bxe4
26. Ne5 Rc8 27. Re3 Bd5 28. Bxd5 Nxd5 29. Rb3 Rc7 30. g3 b6 31. Kg2 Rc3 32. Rb2
f6 33. Nf3 a5 34. Re2 Kf7 35. Rb2 Nb4 36. Nd2 Ke7 37. h4 b5 38. Nb3 Rc2 39.
Rxc2 Nxc2 40. Nxa5 Nxd4 41. Kf1 Kd6 42. Ke1 Kc5 43. Kd2 Kb6 44. Nb3 Nxb3+ 45.
axb3 Kc5 46. Kc3 b4+ 47. Kd3 Kd5 48. f3 e5 49. g4 f5 50. g5 e4+ 51. fxe4+ fxe4+
52. Ke3 Ke5 0-1

[Event "Warren (MCO/3/52)"]
[Site "?"]
[Date "1986.??.??"]
[Round "?"]
[White "Nixon, Peter"]
[Black "Johnson, To"]
[Result "1-0"]
[WhiteElo "1605"]
[BlackElo "1605"]
[PlyCount "71"]
[EventDate "1986.??.??"]

{3/(52)} 1. d4 Nf6 2. c4 g6 3. Nf3 Bg7 4. Nc3 d6 5. Bf4 Bg4 6. e4 Nbd7 7. h3
Bxf3 8. Qxf3 O-O 9. Qe3 Re8 10. Be2 e5 11. dxe5 Nxe5 12. Bh6 c6 13. Bxg7 Kxg7
14. h4 Qd7 15. h5 Neg4 16. Bxg4 Qxg4 17. h6+ Kf8 18. f3 Qg3+ 19. Qf2 Qxf2+ 20.
Kxf2 Re5 21. Rad1 Rd8 22. Rd3 Ke7 23. Rhd1 Rh5 24. Kg1 a6 25. g4 Rg5 26. Kg2
Ke6 27. Kg3 Ne8 28. f4 Rc5 29. f5+ Ke5 30. fxg6 fxg6 31. b3 Nf6 32. Rd4 Ra5 33.
g5 Nh5+ 34. Kg4 Nf4 35. R4d2 Rf8 36. Rf1 1-0

[Event "Taylor (SEMO/5/9)"]
[Site "?"]
[Date "1986.??.??"]
[Round "?"]
[White "Nikolovski, Oliver"]
[Black "Schweikert, G.."]
[Result "1/2-1/2"]
[WhiteElo "1920"]
[BlackElo "1870"]
[PlyCount "22"]
[EventDate "1986.??.??"]

{5/(9)} 1. d4 e6 2. e4 c5 3. Nf3 cxd4 4. Nxd4 Nf6 5. Nc3 d6 6. Be2 Be7 7. O-O
Nc6 8. Be3 Qc7 9. Qd2 O-O 10. Rad1 a6 11. a4 Re8 1/2-1/2

[Event "Warren (MCO/6/20)"]
[Site "?"]
[Date "1986.??.??"]
[Round "?"]
[White "Nikolovski, Oliver"]
[Black "Raftshol, W.."]
[Result "1/2-1/2"]
[WhiteElo "1930"]
[BlackElo "1710"]
[PlyCount "58"]
[EventDate "1986.??.??"]

{6/(20)} 1. e4 e6 2. d4 d5 3. e5 c5 4. Qg4 cxd4 5. Nf3 Nc6 6. Bd3 Nge7 7. O-O
h5 8. Qf4 g6 9. Qf6 Rh7 10. Ng5 Rg7 11. Qf4 Nf5 12. Bxf5 gxf5 13. h4 Qc7 14.
Re1 Bd7 15. a3 O-O-O 16. c3 Qb6 17. b4 dxc3 18. Nxc3 Qd4 19. Qxd4 Nxd4 20. Ra2
Kb8 21. Be3 Nc6 22. b5 Nxe5 23. Bf4 f6 24. Nf3 Bd6 25. Nxe5 Bxe5 26. Rxe5 Rg4
27. Rxf5+ e5 28. Bxe5+ fxe5 29. Rxe5 d4 1/2-1/2

[Event "Taylor (SEMO/2/8)"]
[Site "?"]
[Date "1986.??.??"]
[Round "?"]
[White "Nikolovski, Oliver"]
[Black "Mitchell, S.."]
[Result "1/2-1/2"]
[WhiteElo "1920"]
[BlackElo "2080"]
[PlyCount "58"]
[EventDate "1986.??.??"]

{2/(8)} 1. Nf3 c5 2. g3 Nc6 3. Bg2 g6 4. O-O Bg7 5. c3 e5 6. e4 Nge7 7. d3 O-O
8. a4 d5 9. Na3 b6 10. Qe2 a6 11. Rb1 Rb8 12. Rd1 b5 13. axb5 axb5 14. b4 cxb4
15. cxb4 Qb6 16. Bd2 d4 17. Rdc1 Ra8 18. Ra1 Bg4 19. h3 Bxf3 20. Bxf3 Rfc8 21.
Qe1 Nd8 22. Nc2 Qb7 23. h4 Ra4 24. Rxa4 bxa4 25. Na3 Rxc1 26. Qxc1 Nc8 27. Nc4
Nc6 28. Qa3 Bf8 29. Qxa4 Nxb4 1/2-1/2

[Event "Taylor (SEMO/3/6)"]
[Site "?"]
[Date "1986.??.??"]
[Round "?"]
[White "Nikolovski, Oliver"]
[Black "Lindsay, F.."]
[Result "0-1"]
[WhiteElo "1920"]
[BlackElo "2360"]
[PlyCount "64"]
[EventDate "1986.??.??"]

{3/(6)} 1. e4 e6 2. d4 d5 3. exd5 exd5 4. Bd3 Nc6 5. Be3 Nf6 6. h3 Bd6 7. Nf3
Nb4 8. Be2 Bf5 9. Na3 a6 10. c3 Nc6 11. Nc2 Qd7 12. Bd3 O-O 13. Nh4 Be4 14. O-O
Rae8 15. Ne1 Qe6 16. b4 Kh8 17. a4 a5 18. b5 Nb8 19. Rb1 Nbd7 20. Nhf3 Bxd3 21.
Nxd3 Ne4 22. Qc2 Nb6 23. Nc5 Qc8 24. Rbc1 f5 25. Nxe4 dxe4 26. Nh2 Qe6 27. Ra1
Rf6 28. Rfd1 f4 29. Bc1 Rg6 30. Kh1 f3 31. g4 Bxh2 32. Kxh2 Rxg4 0-1

[Event "Warren (MCO/4/11)"]
[Site "?"]
[Date "1986.??.??"]
[Round "?"]
[White "Nikolovski, Oliver"]
[Black "Kebrdle, M.."]
[Result "1/2-1/2"]
[WhiteElo "1930"]
[BlackElo "2105"]
[PlyCount "87"]
[EventDate "1986.??.??"]

{4/(11)} 1. e4 c6 2. Nc3 d5 3. Nf3 dxe4 4. Nxe4 Nf6 5. Ng3 Bg4 6. h3 Bxf3 7.
Qxf3 Qd5 8. Be2 e6 9. Qxd5 Nxd5 10. O-O Nd7 11. d4 Bd6 12. Ne4 Bc7 13. c3 O-O
14. f4 Rfe8 15. g3 f6 16. Kg2 e5 17. dxe5 fxe5 18. f5 N7f6 19. Bf3 Nxe4 20.
Bxe4 Nf6 21. Bc2 Rad8 22. Bg5 h6 23. Bb3+ Kf8 24. Bxf6 gxf6 25. Rad1 Bb6 26.
Rxd8 Rxd8 27. Rd1 Rxd1 28. Bxd1 Be3 29. Kf3 Bc1 30. b3 Bd2 31. c4 Ke7 32. Ke2
Bc3 33. Kd3 Be1 34. c5 Bxg3 35. Bf3 Kd7 36. b4 Bf2 37. Kc4 b6 38. Be4 b5+ 39.
Kb3 Be3 40. a4 bxa4+ 41. Kxa4 Kc7 42. Kb3 a5 43. Ka4 axb4 44. Kxb4 1/2-1/2

[Event "Warren (MCO/2/23)"]
[Site "?"]
[Date "1986.??.??"]
[Round "?"]
[White "Nikolovski, Oliver"]
[Black "Boldrick, Thomas"]
[Result "1-0"]
[WhiteElo "1930"]
[BlackElo "1605"]
[PlyCount "41"]
[EventDate "1986.??.??"]

{2/(23)} 1. e4 d5 2. exd5 Nf6 3. d4 Nxd5 4. Bc4 c6 5. Nc3 Nxc3 6. bxc3 Bf5 7.
Nf3 e6 8. O-O Nd7 9. Re1 Nf6 10. a4 Ne4 11. Bd2 Bd6 12. Bd3 Nxd2 13. Qxd2 Bg4
14. Ne5 Bxe5 15. Rxe5 O-O 16. Qf4 f6 17. Re3 Bh5 18. Rxe6 Bf7 19. Re3 Qa5 20.
Rh3 g6 21. Qh6 1-0

[Event "Warren (MCO/1/14)"]
[Site "?"]
[Date "1986.??.??"]
[Round "?"]
[White "Naloy, M.."]
[Black "Lang, J.."]
[Result "1-0"]
[WhiteElo "1605"]
[BlackElo "2105"]
[PlyCount "65"]
[EventDate "1986.??.??"]

{1/(14)} 1. e4 c5 2. Nf3 d6 3. d4 cxd4 4. Nxd4 Nf6 5. Nc3 a6 6. Bc4 e6 7. Bb3
Be7 8. f3 O-O 9. Be3 b5 10. Qd2 Nbd7 11. Nc6 Qe8 12. O-O-O b4 13. Na4 d5 14. e5
d4 15. Qxd4 Nd5 16. Bxd5 exd5 17. Qxd5 Rb8 18. Nxb8 Nxb8 19. Nc5 Qb5 20. Ne4
Qa4 21. Qb3 Qa5 22. c4 Qxe5 23. Rd5 Qc7 24. Bc5 Be6 25. Bxe7 Bxd5 26. Bxf8 Bxc4
27. Qc2 Kxf8 28. b3 Qf4+ 29. Qd2 Qxd2+ 30. Kxd2 Bb5 31. Rc1 Nd7 32. Nd6 Nf6 33.
Nxb5 1-0